รวมข้อบังคับการประชุมสภาและข้อบังคับว่าด้วยประมวลจริยธรรม (แก้ไขเพิ่มเติมถึงปัจจุบัน พิมพ์ครั้งที่ 2) / (ระเบียนเลขที่ 103047)
| 000 -LEADER | |
|---|---|
| fixed length control field | 03376nam a22003017a 4500 |
| 003 - CONTROL NUMBER IDENTIFIER | |
| control field | NALT |
| 005 - DATE AND TIME OF LATEST TRANSACTION | |
| control field | 20260319140008.0 |
| 008 - FIXED-LENGTH DATA ELEMENTS--GENERAL INFORMATION | |
| fixed length control field | 230906b th ||||| |||| 00| 0 tha d |
| 040 ## - CATALOGING SOURCE | |
| Original cataloging agency | NALT |
| 090 ## - LOCALLY ASSIGNED LC-TYPE CALL NUMBER (OCLC); LOCAL CALL NUMBER (RLIN) | |
| Classification number (OCLC) (R) ; Classification number, CALL (RLIN) (NR) | KD 261 |
| Local cutter number (OCLC) ; Book number/undivided call number, CALL (RLIN) | ว872ร 2565 |
| 110 2# - MAIN ENTRY--CORPORATE NAME | |
| 9 (RLIN) | 24908 |
| Corporate name or jurisdiction name as entry element | สำนักงานเลขาธิการวุฒิสภา. |
| Subordinate unit | สำนักกฎหมาย. |
| -- | กลุ่มงานพัฒนากฎหมาย |
| 245 10 - TITLE STATEMENT | |
| Title | รวมข้อบังคับการประชุมสภาและข้อบังคับว่าด้วยประมวลจริยธรรม (แก้ไขเพิ่มเติมถึงปัจจุบัน พิมพ์ครั้งที่ 2) / |
| Statement of responsibility, etc. | กลุ่มงานพัฒนากฎหมาย สำนักกฎหมาย สำนักงานเลขาธิการวุฒิสภา. |
| Medium | |
| 250 ## - EDITION STATEMENT | |
| Edition statement | พิมพ์ครั้งที่ 2. |
| 260 ## - PUBLICATION, DISTRIBUTION, ETC. | |
| Place of publication, distribution, etc. | กรุงเทพฯ : |
| Name of publisher, distributor, etc. | กลุ่มงานการพิมพ์ สำนักการพิมพ์ สำนักงานเลขาธิการวุฒิสภ, |
| Date of publication, distribution, etc. | 2565. |
| 300 ## - PHYSICAL DESCRIPTION | |
| Extent | 253 หน้า ; |
| Dimensions | 27 ซม. |
| 505 1# - FORMATTED CONTENTS NOTE | |
| Formatted contents note | ข้อบังคับการประชุมสภา -- 1. ข้อบังคับการประชุมวุฒิสภา พ.ศ. 2562 (แก้ไขเพิ่มเติม (ฉบับที่ 4) พ.ศ. 2565) -- 2. ข้อบังคับการประชุมสภาผู้แทนราษฎร พ.ศ. 2562 (แก้ไขเพิ่มเติมถึง (ฉบับที่ 3) พ.ศ. 2565) -- 3. ข้อบังคับการประชุมรัฐสภา พ.ศ. 2563 -- ข้อบังคับว่าด้วยประมวลจริยธรรมของสมาชิกสภาผู้แทนราษฎรและกรรมาธิการ -- 1. ข้อบังคับว่าด้วยประมวลจริยธรรมของสมาชิกวุฒิสภาและกรรมาธิการ พ.ศ. 2563 -- ข้อบังคับว่าด้วยประมวลจริยธรรมของสมาชิกสภาผู้แทนราษฎรและกรรมาธิการพ.ศ. 2563 -- ระเบียบวุฒิสภา -- ระเบียบสภาผู้แทนราษฎร -- ระเบียบรัฐสภา. |
| 650 #4 - SUBJECT ADDED ENTRY--TOPICAL TERM | |
| 9 (RLIN) | 4356 |
| Topical term or geographic name entry element | วุฒิสภา |
| General subdivision | ข้อบังคับการประชุม |
| 650 #4 - SUBJECT ADDED ENTRY--TOPICAL TERM | |
| 9 (RLIN) | 50076 |
| Topical term or geographic name entry element | สภาผู้แทนราษฎร |
| General subdivision | ข้อบังคับการประชุม |
| 650 #4 - SUBJECT ADDED ENTRY--TOPICAL TERM | |
| 9 (RLIN) | 10750 |
| Topical term or geographic name entry element | การประชุมรัฐสภา |
| General subdivision | กฎหมายและระเบียบข้อบังคับ |
| 650 #4 - SUBJECT ADDED ENTRY--TOPICAL TERM | |
| 9 (RLIN) | 60022 |
| Topical term or geographic name entry element | กระบวนการดำเนินงานของรัฐสภา |
| 850 ## - HOLDING INSTITUTION | |
| Holding institution | NALT |
| 942 ## - ADDED ENTRY ELEMENTS (KOHA) | |
| Koha item type | Law Book |
| Source of classification or shelving scheme | Local Classification |
| 996 ## - STAFF PROCESSING RECORDS (NALT) | |
| Staff name | chunbijaya.r |
| Staff type | CATSTF |
| Acquisition or Cataloging date | 2023-09-06 |
| 996 ## - STAFF PROCESSING RECORDS (NALT) | |
| Staff name | areerat.v |
| Staff type | CATSTF |
| Acquisition or Cataloging date | 2023-09-11 |
| 996 ## - STAFF PROCESSING RECORDS (NALT) | |
| Staff name | saiphon.d |
| Staff type | CATSTF |
| Acquisition or Cataloging date | 2023-11-13 |
| 998 ## - STAFF NAME (NALT) | |
| -- | 111 |
| -- | นางสาวพจพิณ พรมเอี่ยม |
| Withdrawn status | Lost status | Source of classification or shelving scheme | Damaged status | Not for loan | Collection code | Home library | Current library | Shelving location | Date acquired | Total Checkouts | Total Renewals | Full call number | Barcode | Checked out | Date last seen | Date last checked out | Copy number | Price effective from | Koha item type |
|---|---|---|---|---|---|---|---|---|---|---|---|---|---|---|---|---|---|---|---|
| Local Classification | Law Book collection | National Assembly Library of Thailand | National Assembly Library of Thailand | Law Book shelves | 06/09/2023 | 2 | 1 | KD 261 ว872ร 2565 | 3961223490 | 26/03/2026 | 19/03/2026 | 19/03/2026 | ฉ.1 | 06/09/2023 | Law Book | ||||
| Local Classification | Law Book collection | National Assembly Library of Thailand | National Assembly Library of Thailand | Law Book shelves | 12/10/2023 | 1 | KD 261 ว872ร 2565 | 3961223816 | 06/12/2023 | 06/12/2023 | ฉ.2 | 12/10/2023 | Law Book |
